000 01317nam2a22002651 4500
001 rc\4364097
005 20250611162452.0
021 _aRU
_b[60-3408]
035 _a(NLR Aleph) 008283775
090 _a8533043
_c8533043
100 _a20130416d1959 |||y0rusy50 ca
101 0 _arus
102 _aRU
105 _aa z |||e|
200 1 _aИзбранные статьи и письма
_f[Подготовка текста и примеч. А.Н. Дубовикова]
210 _d1959
_aБ. м.
215 _a563 с., 9 л. ил.
320 _aАлфавитный указатель произведений Н.В. Гоголя, вошедших в 1-6 тт.: с. 557-559
461 0 _1001rc\4364091
_12001#$aСобрание сочинений$eВ 6 т.$fПод общ. ред. С.И. Машинского [и др.]. Т. 1-$vТ. 6
_1700#1$aГоголь$bН.В.$f1809-1852$gНиколай Васильевич$3RU\NLR\AUTH\773480
_98533009
_aГоголь, Н. В. (1809-1852)
_cМосква
_d1959
_fПод общ. ред. С.И. Машинского [и др.]. Т. 1-
_nГослитиздат
_oВ 6 т.
_tСобрание сочинений
_vТ. 6
702 1 _aДубовиков
_bА.Н.
_4212
801 0 _aRU
_bNLR
_gpsbo
801 1 _aRU
_bELAR
_2rusmarc
852 _aNLR
_j59-3/2077
942 _cBOOK
980 _aNB